Clouds - Statistics

General Stats
  • This quiz has been taken 28 times
  • The average score is 5 of 8
Answer Stats
Picture Answer % Correct
Cirrus
84%
Cumulus
84%
Cumulonimbus
80%
Stratus
76%
Altostratus
52%
Cirrocumulus
52%
Stratocumulus
40%
Altocumuls
4%
No matching quizzes found
Score Distribution
Percent of People with Each Score
Percentile by Number Answered
Your Score History
You have not taken this quiz